[Event "IECC CL8-2001.21"]
[Site "IECC email"]
[Date "2001.09.01"]
[Round "?"]
[White "Cunningham, Don"]
[Black "Diego do Nascimento, Matheus"]
[Result "1/2-1/2"]
[WhiteElo "912"]
[BlackElo "968"]
[PlyCount "36"]
[EventDate "2001.??.??"]
[EventType "tourn (corr)"]
[EventRounds "4"]
[SourceTitle "Corr 2008"]
[Source "ChessBase"]
[SourceDate "2008.06.24"]
[SourceVersion "1"]
[SourceVersionDate "2008.06.24"]
[SourceQuality "1"]

1. e4 c5 2. Nf3 d6 3. Bb5+ Bd7 4. Nc3 Nf6 5. d3 g6 6. 0-0 Bg7 7. Bc4 0-0 8. Bf4 Nc6 9. Qd2 Nd4 10. Nxd4 cxd4 11. Ne2 e5 12. Bh6 Bxh6 13. Qxh6 Ng4 14. Qd2 Qh4 15. h3 Nxf2 16. Nxd4 Nxh3+ 17. gxh3 Bxh3 18. Qf2 Qg4+ 1/2-1/2

[Event "IECC CL8-2001.15"]
[Site "IECC email"]
[Date "2001.06.17"]
[Round "?"]
[White "Hughes, Bernard"]
[Black "Diego do Nascimento, Matheus"]
[Result "1-0"]
[WhiteElo "993"]
[BlackElo "988"]
[PlyCount "47"]
[EventDate "2001.??.??"]
[EventType "tourn (corr)"]
[EventRounds "4"]
[SourceTitle "Corr 2008"]
[Source "ChessBase"]
[SourceDate "2008.06.24"]
[SourceVersion "1"]
[SourceVersionDate "2008.06.24"]
[SourceQuality "1"]

1. d4 d5 2. Nf3 Nf6 3. e3 Bf5 4. Bd3 Bxd3 5. Qxd3 c6 6. 0-0 Nbd7 7. Nbd2 e5 8. dxe5 Nxe5 9. Nxe5 Qd6 10. Ndf3 Nd7 11. Nxd7 Kxd7 12. Qf5+ Qe6 13. Qxe6+ fxe6 14. Ne5+ Ke8 15. c4 Bd6 16. f4 Bxe5 17. fxe5 dxc4 18. e4 a6 19. Be3 b5 20. Rad1 Rd8 21. Rxd8+ Kxd8 22. Rf7 g6 23. Ra7 b4 24. Ra8+ 1-0